Kandinsky and Klee in Tunisia (notice n° 9344)

détails MARC
000 -Label
leader 02225cam a22003013 4500
010 ## - ISBN
ISBN 9780520283657
010 ## - ISBN
ISBN 0520283651
099 ## - Informations locales
Type de document Livre
100 ## - Données générales de traitement
a 20151223d2015 m h0engy50 ba
101 0# - Langue
langue document anglais
102 ## - Pays d'édition ou de production
pays d'édition États-Unis
200 1# - Titre
titre propre Kandinsky and Klee in Tunisia
type de document Livre
auteur Roger Benjamin
-- Cristina Ashjian
210 ## - Editeur
lieu de publication Oakland, Calif
nom de l'éditeur University of California Press
date de publication 2015
215 ## - Description
Importance matérielle 233 p.
autres carac. couv.ill
format 27 cm
300 ## - Note
note Includes bibliographical references and index
330 ## - Résumé
Résumé "Paul Klee experienced his 1914 trip to Tunisia as a major breakthrough for his art: 'Color and I are one,' he famously wrote. 'I am a painter.' 'Kandinsky and Klee in Tunisia' sets the scene for Klee's breakthrough with a close study of the parallel voyage undertaken in 1904-5 by Wassily Kandinsky and Gabriele Münter, who would later become Klee's friends. This artist couple, then at an early stage in their celebrated careers, produced a rich body of painting and photography known only to specialists. Paul Klee's 1914 trip with August Macke and Louis Moilliet, in contrast, is a vaunted convergence of Cubism and the exotic. Roger Benjamin refigures these two seminal voyages in terms of colonial culture and politics, the fabric of ancient Tunisian cities, visual ethnography, and the tourist photograph. The book looks closely at the cities of Tunis, Sousse, Hammamet, and Kairouan to flesh out a profound confrontation between European high modernism and the wealth of Islamic lifeways and architecture. Kandinsky and Klee in Tunisia offers a new understanding of how the European avant-garde was formed in dialogue with cultural difference"--Provided by publisher
600 ## - sujets
numéro de la notice d'autorité 11909375
sujet Kandinsky
prénom Wassily
dates 1866-1944
numéro de la notice d'autorité 12653273
subdiv. sujet Voyages
numéro de la notice d'autorité 11933634
subdiv. géo Tunisie
koha internal code 25319
600 ## - sujets
numéro de la notice d'autorité 11909820
sujet Klee
prénom Paul
dates 1879-1940
numéro de la notice d'autorité 12653273
subdiv. sujet Voyages
numéro de la notice d'autorité 11933634
subdiv. géo Tunisie
koha internal code 25320
606 ## - sujets
sujet Carnet de voyage
koha internal code 25321
607 ## - sujets
numéro de la notice d'autorité 11933634
sujet Tunisie
numéro de la notice d'autorité 11989609
subdiv. sujet Dans l'art
koha internal code 25322
700 ## - Auteur
N° autorité 12069160
auteur Benjamin
prénom Roger
code de fonction Auteur
koha internal code 25323
702 ## - Auteur secondaire
numéro de la notice d'autorité 17015152
nom Ashjian
prénom Cristina
code de fonction Éditeur scientifique
koha internal code 25324
801 #3 - source de catalogage
pays US
agence de catalogage OCoLC
date de la transaction 20151223
règles de catalogage utilisées UNIMARC
801 #0 - source de catalogage
agence de catalogage CU-S/DLC
règles de catalogage utilisées rda
pays TN
date de la transaction 20251128
801 #0 - source de catalogage
agence de catalogage TN
règles de catalogage utilisées 32BIS
830 ## - note
catalogeur MS
Exemplaires
Propriétaire Dépositaire Localisation Code barre Numéro Inventaire Cote Note Statut
The 32bis Library The 32bis Library Salle de lecture 32BIS 007124 7048 709.1 BEN dépôt MAB Consultable sur place
32 bis, rue Ben Ghedhahem 1000 Tunis - Tunisie www.32bis.org
Contact : mediatheque@32bis.org